Dân chủ và chậm tiến tại các Quốc gia Đông Nam á

সংরক্ষণ করুন:
গ্রন্থ-পঞ্জীর বিবরন
প্রধান লেখক: Nguyễn Trọng Thiệt
বিন্যাস: গ্রন্থ
ভাষা:Undetermined
প্রকাশিত: Sài Gòn Học viện Quốc Gia Hành Chánh 1970
বিষয়গুলি:
ট্যাগগুলো: ট্যাগ যুক্ত করুন
কোনো ট্যাগ নেই, প্রথমজন হিসাবে ট্যাগ করুন!
Thư viện lưu trữ: Trung tâm Học liệu Trường Đại học Cần Thơ
LEADER 00588nam a2200181Ia 4500
001 CTU_33424
008 210402s9999 xx 000 0 und d
082 |a 352 
082 |b Th308 
100 |a Nguyễn Trọng Thiệt 
245 0 |a Dân chủ và chậm tiến tại các Quốc gia Đông Nam á 
245 0 |c Nguyễn Trọng Thiệt 
260 |a Sài Gòn 
260 |b Học viện Quốc Gia Hành Chánh 
260 |c 1970 
650 |a democracy - southeast asia 
904 |i Minh, 991027 
980 |a Trung tâm Học liệu Trường Đại học Cần Thơ